000 01481nam a22003617a 4500
003 CHAP
005 20220817043921.0
008 031111d2001 mx r 00110 spa d
010 _a87888
011 _a88860
020 _a970720012X
035 _a99405
040 _cCHAP
090 _aFolleto 16708
110 2 _aMéxico. Presidencia de la República
245 1 0 _aDiscurso del Presidente de la República, Vicente Fox, durante la presentación del Informe Anual de Actividades 2000 y del Programa de Trabajo 2001 del ISSSTE el 19 de junio de 2001, México, D.F.
_c/por Presidencia de la República
260 _aMéxico, D.F. :
_bPresidencia de la República. Coordinación General de Opinión Pública e Imágen,
_c2001.
300 _a11 p.
590 _aBATCH-UPD
_b10
_c20130110
_lUCH01
_h0828
590 _aBATCH-UPD
_b10
_c20130410
_lUCH01
_h0506
590 _aBATCH-UPD
_b10
_c20130914
_lUCH01
_h1648
590 _aCONVERSION
_b10
_c20130109
_lUCH01
_h1349
650 1 4 _aMéxico
_xDiscursos, ensayos y conferencias.
_976740
650 1 4 _aSalud pública
_xFinanzas.
_9101828
650 1 4 _aSalud pública
_zMéxico.
_9101844
650 1 4 _aServicio social.
_9105316
650 1 4 _aTrabajo y trabajadores
_zMéxico.
_9114553
710 0 _aInstituto de Seguridad y Servicios Sociales de los Trabajadores del Estado. México.
_959178
901 _aBK
905 _aAlejandra Carrasco M.
942 _cFOLL
949 _aFolleto 16708
_bBC
_cFOLL
_d33724002003157
_eTS1
_i99405
_sb
999 _c87888
_d87888